| 000 | 00618nam a22001457a 4500 | ||
|---|---|---|---|
| 020 | _a9789698535230 | ||
| 082 | _a954.9122 NAD | ||
| 100 | _aNadeem Shafiq Malik | ||
| 245 | _aA sociolinguistic study of Wakhi language of Northern Pakistan | ||
| 260 |
_aIslāmābād, Pakistan _bNational University of Sciences and Technology _c2014 |
||
| 300 | _ax, 222 p. | ||
| 500 | _aIncludes bibliographical references (pages 207-222). | ||
| 650 | _a1. Wakhi language--Pakistan--Gilgit-Baltistān. 2. Wakhi language--Social aspects--Pakistan--Gilgit-Baltistān. 3. Sociolinguistics--Pakistan--Gilgit-Baltistān. | ||
| 942 | _cBK | ||
| 999 |
_c13204 _d13204 |
||